00485nam a2200145Ia 4500008004100000041000800041082001700049100002400066245003700090260003200127300003200159365001100191999001500202952012200217240624s9999 xx 000 0 und d aeng a658.0495 RON aRONDINELLI DENNIS A aGLOBALIZATION AND CHANGE IN ASIA c2008aNew DelhibViva Books aviii, : 279 : p. : cm. ; 23 cRSb32 c9146d9146 00104070aIMTNbIMTNcRack 20-Bd2008-06-08eAPg595.00o658.0495 RONp9146r2024-06-24 00:00:00t1w2024-06-24yBK